000 00642nam a2200241Ia 4500
005 20260429111931.0
008 260429s9999||||xx |||||||||||||| ||und||
020 _a9789359782256
041 _aEnglish
082 _a294.543
_bSIN
100 _aSingh Vikram
245 0 _aPatanjali yoga sutra /
_cSingh Vikram
250 _a1st ed.
260 _aNew Delhi :
_bFriends Publications (India),
_c2024.
300 _a233 p.; pbk
440 _aInstant notes on yoga 4
650 _a Hindu philosophy
650 _a Patanjali
650 _a Yoga-Religious aspects
650 _aYoga sutras
700 _a Joshi, Navdeep
942 _cTB
999 _c51501
_d51501